[Event "NSV Open-ch Rapid 2019"]
[Site "Lueneburg"]
[Date "2019.08.03"]
[Round "3.2"]
[White "Voege, Tobias"]
[Black "Schneider, Ilja"]
[Result "0-1"]
[WhiteElo "2303"]
[BlackElo "2494"]
[Annotator "TA"]
[PlyCount "54"]
[EventDate "2019.08.03"]
[EventType "swiss"]
[EventCountry "GER"]
[SourceTitle "playchess.com"]
[Source "ChessBase"]
[SourceQuality "1"]

{[%evp 9,53,23,43,20,46,47,74,39,45,44,43,34,39,20,31,25,33,19,31,24,17,17,36,25,25,-8,-2,-177,-191,-244,-241,-258,-256,-237,-246,-434,-425,-605,-604,-29986,-29987,-29987,-739,-29988,-29989,-29999]} 1. d4 g6 2. c4 Bg7 3. Nc3 d6 4. Nf3 Bg4 5. Bg5 Nf6 6. e3 {E61: King's Indian: Early deviations for White, including Smyslov System} Nbd7 (6... c6 7. h3 Bxf3 8. Qxf3 Qa5 9. Bh4 Qb6 10. Rb1 Nbd7 11. Qd1 e5 12. dxe5 dxe5 13. Be2 O-O {½-½ (60) Lysyj,I (2628)-Belyakov,B (2388) St Petersburg 2012}) 7. Be2 c6 8. O-O {White is better.} h6 {[#] aiming for ...Bxf3.} 9. Bh4 g5 $146 {Threatens to win with ...Bxf3.} ({Predecessor:} 9... O-O 10. h3 Bxf3 11. Bxf3 Qc7 12. Qc2 e5 13. Rfd1 Rfe8 14. Bg3 Nh7 15. h4 h5 16. b4 f5 17. Rab1 Rac8 {1-0 (54) Golovach,V (2263)-Kalinina,M (2039) Yuzhny 2011}) 10. Bg3 Nh5 11. Qc2 Ndf6 12. b4 O-O 13. Rfd1 Qd7 14. Rab1 Bf5 15. Bd3 Bxd3 16. Rxd3 b5 17. c5 a5 18. d5 $2 {[#]} (18. a3 $11) 18... Nxg3 $19 19. hxg3 (19. dxc6 $142 Qxc6 20. Nd4) 19... axb4 20. Rxb4 {Threatening dxc6.} dxc5 21. dxc6 Qxc6 22. Nxb5 $2 (22. Rxb5 Ne4 23. a4 Nxc3 24. Rxc3 Bxc3 25. Qxc3) 22... Rxa2 $1 23. Qxa2 (23. Rb2 $142 Rxb2 24. Qxb2) 23... cxb4 24. Nbd4 Qc1+ 25. Kh2 Ng4+ 26. Kh3 h5 27. Nh4 Qh1# {Accuracy: White = 36%, Black = 79%.} 0-1

[Event "NSV Open-ch Rapid 2019"]
[Site "Lueneburg"]
[Date "2019.08.03"]
[Round "3.3"]
[White "Lubbe, Nikolas"]
[Black "Bargsten, Justus"]
[Result "1-0"]
[WhiteElo "2431"]
[BlackElo "1946"]
[Annotator "TA"]
[PlyCount "83"]
[EventDate "2019.08.03"]
[EventType "swiss"]
[EventCountry "GER"]
[SourceTitle "playchess.com"]
[Source "ChessBase"]
[SourceQuality "1"]

{[%evp 9,83,14,32,33,15,15,37,82,91,91,97,97,98,98,96,102,126,134,156,151,160,153,197,161,224,217,272,264,350,344,385,328,323,328,321,325,338,347,333,339,455,458,458,456,559,435,475,486,575,572,981,962,1005,943,918,613,600,424,468,410,458,466,420,289,356,316,290,262,249,136,885,872,816,807,820,791]} 1. d4 Nf6 2. Nc3 d5 3. Bf4 c5 4. e3 a6 5. dxc5 Nc6 (5... e6 6. Na4 Bxc5 7. Nxc5 Qa5+ 8. c3 Qxc5 9. Nf3 O-O 10. Bd3 Qe7 11. h4 Nbd7 {0-1 (52) Jobava,B (2622)-Martirosyan,H (2616) chess.com INT 2019}) 6. a3 {D00: 1 d4 d5: Unusual lines} e5 7. Bg5 d4 8. exd4 {White is slightly better.} Qxd4 9. Be3 Qxd1+ 10. Rxd1 Bf5 $146 ({Predecessor:} 10... Ng4 11. Nd5 Nxe3 {1-0 (23) Vorobiev,S (2092)-Nikolaeva,K (1874) Kazan 2018}) 11. Bd3 Bxd3 12. Rxd3 Ng4 13. Nd5 {Threatens to win with Nc7+.} Rc8 14. b4 Nxe3 15. fxe3 Be7 16. Ne2 Bg5 (16... e4 {was called for.}) 17. O-O O-O 18. Ng3 g6 19. Ne4 Bh6 20. Nef6+ Kg7 21. h4 Rcd8 22. g4 e4 23. Rdd1 (23. Nxe4 Ne5) 23... Kh8 24. Nxe4 f5 25. gxf5 gxf5 26. Nd6 {[%mdl 64] [#] Double Attack} Ne5 27. Nxf5 Rg8+ 28. Kh2 Ng4+ 29. Kh3 Rxd5 30. Rxd5 Bxe3 31. Nd6 Nf2+ 32. Rxf2 $1 Bxf2 $18 {[%mdl 4096] Endgame KRB-KRN} 33. Nf7+ Kg7 34. Ng5 Re8 35. Rd7+ Kg6 36. Nf3 Re3 37. Kg2 ({Inferior is} 37. Rxb7 Rxf3+ 38. Kg2 Rf4 $11) 37... Re2 38. Kf1 ({Much less strong is} 38. Rxb7 $6 Bxc5+ 39. Kh3 Bf2 $18) 38... Rxc2 39. Rxb7 ({White should try} 39. Ne1 $18 Ra2 {[#]} 40. h5+ $1 {[%mdl 512]} (40. Rxb7 Bxh4 41. Nd3 Rxa3 $16) 40... Kh6 41. Rxb7) 39... Kf5 $2 {[%mdl 8192]} (39... Bg3 $16) 40. Rf7+ {White is clearly winning.} Ke4 41. Ng5+ {[%mdl 64] Double Attack} Ke3 42. Rf3+ {Accuracy: White = 90%, Black = 32%.} 1-0

[Event "NSV Open-ch Rapid 2019"]
[Site "Lueneburg"]
[Date "2019.08.03"]
[Round "3.4"]
[White "Stork, Oliver"]
[Black "Jahncke, Giso"]
[Result "1/2-1/2"]
[WhiteElo "2322"]
[BlackElo "2325"]
[Annotator "TA"]
[PlyCount "95"]
[EventDate "2019.08.03"]
[EventType "swiss"]
[EventCountry "GER"]
[SourceTitle "playchess.com"]
[Source "ChessBase"]
[SourceQuality "1"]

{[%evp 10,95,4,0,23,15,14,14,47,16,27,20,20,6,0,-11,-12,-13,-11,-11,0,0,5,0,7,-5,0,-7,0,-6,-3,-4,-4,-14,0,0,0,0,2,-8,1,0,0,0,0,0,0,0,0,0,0,0,0,0,22,0,0,0,0,0,0,0,0,-8,-8,-10,0,0,0,0,0,0,0,0,0,0,0,0,0,0,0,0,0,0,0,0,0,0]} 1. c4 e6 2. Nf3 d5 3. e3 Nf6 4. b3 c5 5. Bb2 Nc6 6. cxd5 Nxd5 {A13: English Opening: 1...e6} (6... exd5 7. Be2 d4 8. exd4 cxd4 9. Bb5 Qe7+ 10. Qe2 Qxe2+ 11. Kxe2 Bd7 12. Re1 O-O-O 13. Kf1 a6 14. Bxc6 Bxc6 15. Nxd4 Be4 16. Nf3 Bxf3 17. gxf3 Bd6 18. Bxf6 {½-½ (18) Dubov,D (2703)-Aronian,L (2765) St Petersburg 2018}) 7. Bb5 Bd7 8. O-O Nf6 9. Nc3 Be7 10. Rc1 O-O $146 {The position is equal.} ({Predecessor:} 10... Rc8 11. Qe2 O-O 12. Rfd1 Qa5 13. d4 cxd4 14. exd4 {½-½ (24) Fucak,E (2267)-Ramesa,M (2177) Croatia 2015}) 11. d4 cxd4 12. Nxd4 Nxd4 13. Qxd4 Bxb5 14. Nxb5 Qxd4 15. Nxd4 Rac8 16. g3 Nd5 17. a3 h5 18. Kg2 a6 19. e4 Nf6 20. f3 Nd7 21. Rfd1 Nc5 22. Rc2 {Threatening Rdc1.} b6 23. Rdc1 {[#] Threatens to win with b4.} Rce8 24. Nc6 Nd3 25. Rd1 (25. Rb1 {feels hotter.} Bc5 26. Ba1 Rc8 27. Rd1 Rxc6 28. Rxd3 Rcc8 29. b4) 25... Nxb2 26. Nxe7+ Rxe7 27. Rxb2 $11 {[%mdl 4096] Endgame KRR-KRR} (27. Rd6 {is interesting.} Rb7 28. f4 Kh7 29. Kf2 a5 30. Rdd2) 27... Rc8 28. Rd6 Rb7 29. Rbd2 Rc3 30. R2d3 Rxd3 31. Rxd3 {KR-KR} Kf8 32. h4 Ke7 33. g4 hxg4 34. fxg4 Rc7 35. Kf3 Rc1 36. h5 Kf6 37. a4 Ke5 38. Rd7 Rc3+ 39. Kg2 Kf6 40. e5+ Kg5 41. Rxf7 Kxg4 42. Rxg7+ Kxh5 43. Re7 Rxb3 44. Rxe6 Kg4 45. a5 Rb2+ 46. Kf1 bxa5 47. Rxa6 Rb5 48. e6 {Accuracy: White = 53%, Black = 65%.} 1/2-1/2

[Event "NSV Open-ch Rapid 2019"]
[Site "Lueneburg"]
[Date "2019.08.03"]
[Round "3.5"]
[White "Buchenau, Frank"]
[Black "Reuker, Jari"]
[Result "1-0"]
[WhiteElo "2294"]
[BlackElo "2403"]
[Annotator "TA"]
[PlyCount "75"]
[EventDate "2019.08.03"]
[EventType "swiss"]
[EventCountry "GER"]
[SourceTitle "playchess.com"]
[Source "ChessBase"]
[SourceQuality "1"]

{[%evp 9,75,0,29,20,26,31,24,29,23,14,23,28,48,0,0,-23,0,-20,0,22,65,73,89,83,75,78,77,75,127,104,201,195,201,195,183,189,221,208,212,214,176,184,183,154,387,352,383,332,322,321,462,434,1379,1350,1310,1256,1272,1156,5185,5091,5173,4702,29968,29966,29977,29975,29970,11593]} 1. e4 c5 2. Nf3 e6 3. b3 a6 4. Bb2 Nc6 5. c4 Nge7 (5... Nf6 6. e5 Ng4 7. h3 Nh6 8. g4 d6 9. Bg2 dxe5 10. Nxe5 Nxe5 11. Bxe5 f6 12. Bb2 Nf7 13. d4 cxd4 14. Qxd4 {0-1 (32) Onischuk,V (2637)-Svidler,P (2765) Riadh 2017}) 6. d4 {B40: Sicilian: 2...e6, Unusual lines} cxd4 7. Nxd4 Nxd4 8. Qxd4 {White has an edge.} Nc6 9. Qd2 Bb4 $146 ({Predecessor:} 9... Qc7 10. Be2 Bd6 11. Qg5 Rg8 12. Qh5 h6 13. O-O {0-1 (33) Buchenau,F (2275)-Hjartarson,J (2523) Helsingor 2018}) 10. Nc3 O-O 11. O-O-O Qa5 12. f4 b5 13. Kb1 {[%cal Rc4b5]} bxc4 (13... Rd8 {is interesting.} 14. Qe3 Bb7 15. h4 Ba3 16. Be2 Bxb2 17. Kxb2 bxc4 18. Bxc4 Nb4) 14. Bxc4 d5 15. exd5 exd5 16. Qxd5 (16. Bxd5 $6 Bf5+ 17. Ka1 Rac8 $11) 16... Bxc3 17. Qxc6 {Bxc3 is the strong threat.} Bf5+ {[#]} 18. Ka1 $1 {Strongly threatening Bxf7+!} ({Much worse is} 18. Bd3 $6 Bxb2 19. Bxf5 Qxf5+ $11) 18... Bxb2+ 19. Kxb2 Rad8 (19... Rac8 $16 {might work better.} 20. Qd5 (20. Qxa6 Qxa6 21. Bxa6 Rc2+ {[%mdl 64] Double Attack} 22. Ka1 Rxg2 $14) 20... Qb4) 20. Rd5 $18 ({Don't go for} 20. Bxa6 $2 Rd2+ 21. Rxd2 Qxd2+ 22. Ka3 Bd7 $19) 20... Rxd5 21. Qxd5 Qxd5 22. Bxd5 {[%mdl 4096] Endgame KRB-KRB} Rd8 {[#]} 23. Rd1 $1 {Hoping for Bxf7+!} Kf8 {White should prevent ...Be4!} 24. Bf3 Rc8 25. Rd2 {Threatens to win with g4.} Rc7 26. g4 Bc8 $2 (26... Bd7 $16 27. Be2 a5) 27. Rc2 Rxc2+ 28. Kxc2 {KB-KB} Ke7 29. Kc3 Kd6 (29... Kf6 {keeps fighting.} 30. a4 h5) 30. Kb4 g5 (30... f6 $142 31. Ka5 g6) 31. fxg5 Ke5 32. Ka5 Kf4 33. Bd5 Kxg5 34. Bxf7 Kxg4 35. Bc4 Kh3 36. Bxa6 {White mates.} Bf5 37. b4 Kxh2 38. b5 {Accuracy: White = 79%, Black = 36%.} (38. a4 $142 h5 39. b5 Be6 40. b6 Kg2 41. b7 Kf3 42. b8=Q Bg4 43. Bb7+ Ke3 44. Qe5+ Kf2 45. Kb4) 1-0

[Event "NSV Open-ch Rapid 2019"]
[Site "Lueneburg"]
[Date "2019.08.03"]
[Round "3.6"]
[White "Priebe, Jan"]
[Black "Schulz, Daniel"]
[Result "1-0"]
[WhiteElo "2204"]
[BlackElo "2071"]
[Annotator "TA"]
[PlyCount "47"]
[EventDate "2019.08.03"]
[EventType "swiss"]
[EventCountry "GER"]
[SourceTitle "playchess.com"]
[Source "ChessBase"]
[SourceQuality "1"]

{[%evp 19,47,51,49,35,112,96,77,70,95,95,102,28,45,45,139,137,148,149,181,139,160,138,274,264,478,465,471,465,610,625]} 1. e4 e6 2. d4 d5 3. Nd2 Nf6 4. e5 Nfd7 5. c3 c5 6. Bd3 Nc6 7. Ne2 f6 8. exf6 Qxf6 9. Nf3 Bd6 10. O-O O-O 11. Bc2 {C06: French Tarrasch: 3...Nf6 4 e5 Nfd7 5 Bd3 main lines} Bc7 $146 (11... cxd4 $14 12. Nexd4 Nde5) ({Predecessor:} 11... g6 12. Bg5 Qf7 13. Bh6 Re8 14. Re1 Nb6 15. Ng5 Qf6 16. f4 Nc4 17. Nf3 cxd4 18. cxd4 Bb4 {½-½ (41) Wacker,P (2323)-Van Dooren,D (2333) Germany 2018}) 12. Bg5 Qf7 13. Bh4 {White is better.} h6 14. Qd3 {[%csl Gc2][%cal Rd3h7] [#]} Nf6 15. dxc5 $40 {[%mdl 128] White attacks.} (15. Bxf6 $16 gxf6 16. dxc5) 15... e5 $11 {And now ...e4 would win.} 16. Qg6 e4 ({Black should play} 16... Qxg6 $14 17. Bxg6 e4) 17. Qxf7+ $16 Rxf7 18. Nfd4 Ne5 19. b4 Bd7 20. Bg3 Nh5 (20... a5 $16 21. a3 Rc8) 21. Bb3 $18 Nf6 $2 {[#]} (21... Nxg3 22. Nxg3 (22. hxg3 Nc4 $16) 22... Nc4 23. Nxe4 Re7) 22. Nf4 {White is clearly winning.} Kh7 23. Nxd5 Nxd5 24. Bxd5 {Accuracy: White = 52%, Black = 23%.} 1-0

[Event "NSV Open-ch Rapid 2019"]
[Site "Lueneburg"]
[Date "2019.08.03"]
[Round "3.7"]
[White "von Estorff, Jacob"]
[Black "Bach, Matthias"]
[Result "1/2-1/2"]
[WhiteElo "2055"]
[BlackElo "2241"]
[Annotator "TA"]
[PlyCount "30"]
[EventDate "2019.08.03"]
[EventType "swiss"]
[EventCountry "GER"]
[SourceTitle "playchess.com"]
[Source "ChessBase"]
[SourceQuality "1"]

{[%evp 13,18,0,0,-17,-20,-32,-20]} 1. e4 c5 2. Nf3 Nf6 3. Nc3 d5 4. exd5 Nxd5 5. Bb5+ Bd7 6. Bxd7+ Qxd7 7. Nxd5 Qxd5 8. O-O {B29: Sicilian: 2 Nf3 Nf6 (Nimzowitsch Variation)} (8. d4 Nc6 9. dxc5 Qxd1+ 10. Kxd1 e5 11. Be3 f5 12. g3 O-O-O+ 13. Kc1 f4 14. gxf4 exf4 15. Bxf4 Bxc5 16. Be3 Bxe3+ 17. fxe3 {0-1 (32) Teuschler,B (2211)-Zelcic,R (2530) Aschach 2018}) 8... Nc6 9. d3 e6 {Predecessor:} 10. Bf4 $146 Be7 11. Re1 O-O 12. h3 Bf6 13. Qc1 Rfd8 14. Nd2 Nd4 15. Ne4 Be7 {½-½ (88) Ruiz Castillo,J (2403)-Tovio,I (2300) Quibdo 2015} 1/2-1/2

[Event "NSV Open-ch Rapid 2019"]
[Site "Lueneburg"]
[Date "2019.08.03"]
[Round "3.8"]
[White "Kahlert, Thomas"]
[Black "Joppien, Arne"]
[Result "1-0"]
[WhiteElo "2152"]
[BlackElo "1940"]
[Annotator "TA"]
[PlyCount "109"]
[EventDate "2019.08.03"]
[EventType "swiss"]
[EventCountry "GER"]
[SourceTitle "playchess.com"]
[Source "ChessBase"]
[SourceQuality "1"]

{[%evp 16,109,24,37,76,72,80,75,85,59,89,55,74,19,95,102,118,109,115,118,123,83,91,56,63,65,80,64,91,96,84,89,85,82,122,114,143,99,138,132,132,135,147,137,158,158,184,189,226,159,156,144,134,114,195,171,183,178,200,180,208,66,1814,94,93,86,93,125,396,397,410,377,352,151,194,159,152,160,441,441,715,484,500,448,29978,29979,29979,29980,29980,29981,29981,29982,29982,29983,29982,0]} 1. Nf3 d5 2. d4 Nf6 3. c4 c6 4. Nc3 dxc4 5. a4 Bf5 6. e3 e6 7. Bxc4 Bb4 8. O-O O-O 9. Qe2 Bxc3 {D19: Slav Defence: 5 a4 Bf5 6 e3: Main line with 9 Qe2} (9... Nbd7 10. e4 Bg6 11. Bd3 h6 12. Rd1 a6 13. Bf4 Qe7 14. h3 Rac8 15. Rac1 c5 16. e5 Bxd3 17. Qxd3 Bxc3 18. exf6 Qxf6 19. Bd6 Bxb2 20. Rc2 Bxd4 21. Bxf8 Rxf8 22. Nxd4 cxd4 23. Qxd4 Qxd4 24. Rxd4 {½-½ (37) Korobov,A (2699)-Bareev,E (2650) Wijk aan Zee 2019}) 10. bxc3 Ne4 11. Ba3 Re8 {White is better.} 12. Qb2 Qb6 13. Rfc1 $146 ({Predecessor:} 13. Rfd1 Nd7 14. Nh4 Qxb2 15. Bxb2 Nd6 16. Bb3 Be4 17. Ba3 {½-½ (76) Vanek,L (2184)-Baleja,M (1917) Frydek Mistek 2015}) 13... Nd7 14. Nh4 (14. Qe2 $16) 14... Bg6 (14... Qxb2 $11 15. Bxb2 Nd2) 15. Nxg6 {Strongly threatening Qc2.} hxg6 16. Qc2 Nef6 17. Rab1 Qc7 18. Bf1 b6 19. g3 e5 20. Bg2 Rac8 21. c4 c5 22. d5 e4 23. Bb2 Qd6 24. Bc3 Re7 25. a5 Rce8 26. Qb2 bxa5 27. Qa2 Ne5 28. Bxe5 $1 ({Don't take} 28. Bxa5 Nf3+ 29. Kh1 Ng4 $14) 28... Qxe5 29. Qxa5 Qd6 30. Rb5 Rc8 31. Rcb1 Nh7 32. Ra1 Ng5 33. Qa6 Qd7 34. Rab1 Nf3+ (34... Ree8 $16) 35. Bxf3 $1 $18 exf3 {[#]} 36. Qxc8+ $1 Qxc8 37. Rb8 Rc7 38. Kf1 {[#]} (38. h3 $18) 38... Kf8 $2 {[%mdl 8192]} (38... Qf8 $1 $14 {[%mdl 512]} 39. Rxf8+ Kxf8) 39. Ke1 $2 (39. d6 $18 {is the precise move to win.}) 39... Ke7 $16 40. Rxc8 Rxc8 {[%mdl 4096] Endgame KR-KR} 41. Rb7+ Kd6 $2 {[%mdl 8192]} (41... Kf6 $16) 42. Rxa7 $18 Rf8 43. Kd2 g5 44. e4 (44. Kd3 $18 {has better winning chances.}) 44... g4 45. Ke3 {Hoping for Kf4.} Ke5 46. Rc7 g5 $2 (46... g6 $16 47. Ra7 (47. Rxc5 Ra8 $16) 47... g5) 47. Rxc5 f5 {[#]} (47... Ra8 $142 48. d6+ Kxd6 49. Rxg5 Ra3+ 50. Kf4 Ra2 51. c5+ Ke7 52. Re5+ Kf8) 48. d6+ $1 Kxd6 49. Rxf5 Rxf5 (49... Rg8 $18 50. Kd4 Kc7 51. Rc5+ Kb6) 50. exf5 {KP-KP. White mates.} Ke5 51. c5 Kxf5 52. c6 Ke6 53. Ke4 Kd6 54. Kf5 Kxc6 55. Ke4 $2 {[%mdl 32768] Accuracy: White = 43%, Black = 32%. . Sensor Board Error (Ke4/e5)?} (55. Kxg4 {mates} Kd5 56. Kxg5 Ke4 57. g4 Ke5 58. Kh5 Kd4 59. g5 Kd5 60. g6) 1-0

[Event "NSV Open-ch Rapid 2019"]
[Site "Lueneburg"]
[Date "2019.08.03"]
[Round "3.9"]
[White "Ramme, Christoph"]
[Black "Wirries, Frank-Michael"]
[Result "1-0"]
[WhiteElo "2154"]
[BlackElo "1858"]
[Annotator "TA"]
[PlyCount "16"]
[EventDate "2019.08.03"]
[EventType "swiss"]
[EventCountry "GER"]
[SourceTitle "playchess.com"]
[Source "ChessBase"]
[SourceQuality "1"]

{[%evp 10,16,68,11,96,115,288,276,252]} 1. e4 c5 2. Nf3 e6 3. c3 b6 4. d4 Bb7 5. Bd3 Nf6 6. Qe2 ({Better is} 6. e5 $14 Nd5 7. dxc5) 6... Nc6 {B00: Queen's Fianchetto Defence, Nimzowitsch Defence} (6... d5 $11) 7. d5 $1 $16 {[%cal Rd5c6]} exd5 $146 (7... Na5 $16) ({Predecessor:} 7... Ne7 8. c4 d6 9. Nc3 g6 10. dxe6 fxe6 11. Ng5 Qd7 12. e5 dxe5 13. Qxe5 Bg7 14. Nxe6 {1-0 (54) Gagunashvili,M (2603)-Savchenko,B (2630) Konya 2011}) 8. exd5+ $18 {[%mdl 64] [#] Discovered Attack} Be7 1-0

[Event "NSV Open-ch Rapid 2019"]
[Site "Lueneburg"]
[Date "2019.08.03"]
[Round "3.10"]
[White "Kotyk, Michael"]
[Black "Marzik, Hans"]
[Result "1/2-1/2"]
[WhiteElo "1998"]
[BlackElo "2105"]
[Annotator "TA"]
[PlyCount "105"]
[EventDate "2019.08.03"]
[EventType "swiss"]
[EventCountry "GER"]
[SourceTitle "playchess.com"]
[Source "ChessBase"]
[SourceQuality "1"]

{[%evp 18,105,56,39,50,48,90,55,81,34,62,65,88,85,92,94,132,132,122,126,165,120,120,116,160,151,143,143,137,141,141,147,151,120,116,93,100,85,143,43,43,48,54,46,41,21,25,24,22,9,8,0,38,25,81,78,81,87,86,18,12,7,116,0,0,0,0,-15,0,-15,-15,-16,0,0,0,0,0,0,0,0,0,-7,0,0,0,0,0,0,0,0]} 1. Nf3 Nf6 2. b3 g6 3. Bb2 Bg7 4. g3 O-O 5. Bg2 d6 6. d4 Nbd7 7. O-O e5 8. dxe5 Ng4 9. c4 Ngxe5 10. Nc3 Re8 {E60: King's Indian: Unusual lines and Fianchetto Variation without Nc3} 11. Qc2 (11. Qd2 Nxf3+ 12. Bxf3 Nc5 13. Rfe1 a5 14. Rad1 Be6 15. Nb5 Bxb2 16. Qxb2 Bd7 17. Nc3 Qf6 18. Qd2 Bc6 19. Bxc6 bxc6 20. e4 Rab8 21. Rb1 Rb4 22. Re3 Reb8 23. Rbe1 a4 24. e5 Qd8 25. Nb5 Na6 26. exd6 cxb5 27. d7 {1-0 (27) Mamedyarov,S (2799)-Haddouche,M (2505) Riadh 2017}) 11... Rb8 12. Rad1 a6 $146 {White is slightly better.} ({Predecessor:} 12... Nxf3+ 13. Bxf3 Nf6 14. Bg2 Qe7 15. Rfe1 Be6 16. h3 a6 17. e3 Nd7 18. Re2 {1-0 (35) Hartoch,R (2375)-Hendriks,W Dieren 1988}) 13. Nd5 Nxf3+ 14. exf3 Bxb2 15. Qxb2 c6 16. Ne3 Nc5 17. Rd2 Qe7 18. Rfd1 Rd8 19. Re2 Qf8 20. f4 a5 21. Qf6 Be6 22. f5 gxf5 23. Nxf5 Bxf5 24. Qxf5 Qh6 25. Re7 {Black must now prevent Rd4.} Qg6 26. Qf4 Ne6 {[#]} 27. Qh4 $1 Kf8 {[#]} (27... Qg5 $142) 28. Re1 ({Better is} 28. f4 $1 $16 {[%cal Rf4f5] Hoping for f5!} Qg7 29. f5) 28... Qg5 $1 $14 {[%cal Rg5h4]} 29. Qxg5 Nxg5 30. R7e3 Re8 31. h4 Rxe3 32. Rxe3 $11 {[%mdl 4096] Endgame KRB-KRN} Ne6 33. f4 Nd4 34. Kf2 b6 35. g4 c5 (35... b5 $11 {keeps the balance.}) 36. Be4 $16 h6 37. g5 Kg7 38. Bd5 ({White should try} 38. Bd3 $16) 38... Nf5 $1 $11 {[%cal Rf5e3]} 39. Re1 {Threatening h5.} Nxh4 (39... hxg5 $11 40. hxg5 Rh8) 40. Re7 (40. gxh6+ $16 Kf6 41. Rh1) 40... hxg5 {The position is equal.} 41. Rxf7+ Kg6 42. fxg5 Kxg5 43. Rd7 Nf5 44. Be4 Nd4 45. Rxd6 Kf4 46. Bd5 Ke5 47. Rh6 Rf8+ 48. Ke1 Rf6 49. Rh8 Kf4 50. Rh4+ Ke3 51. Rh3+ Kf4 52. Rh4+ Ke3 53. Rh3+ {Accuracy: White = 58%, Black = 46%.} 1/2-1/2

[Event "NSV Open-ch Rapid 2019"]
[Site "Lueneburg"]
[Date "2019.08.03"]
[Round "3.11"]
[White "Chennaoui, Yasin"]
[Black "Britsch, Benjamin"]
[Result "1-0"]
[WhiteElo "2092"]
[BlackElo "1835"]
[Annotator "NA RC"]
[PlyCount "55"]
[EventDate "2019.08.03"]
[EventType "swiss"]
[EventCountry "GER"]
[SourceTitle "playchess.com"]
[Source "ChessBase"]
[SourceQuality "1"]
[TimeControl "600+5"]

1. c4 {[%emt 0:00:00]} e6 {[%emt 0:00:00]} 2. g3 {[%emt 0:00:00]} d5 {[%emt 0:00:08]} 3. Bg2 {[%emt 0:00:00]} dxc4 {[%emt 0:00:04]} 4. Qa4+ {[%emt 0:00:13]} Bd7 {[%emt 0:00:08]} 5. Qxc4 {[%emt 0:00:02]} Bc6 {[%emt 0:00:01]} 6. Bxc6+ {[%emt 0:00:18]} Nxc6 {[%emt 0:00:01]} 7. Nf3 {[%emt 0:00:03]} Nf6 {[%emt 0:00:10]} 8. Nc3 {[%emt 0:00:05]} Be7 {[%emt 0:00:09]} 9. O-O {[%emt 0:00:05]} O-O {[%emt 0:00:04]} 10. d4 {[%emt 0:00:16]} Qd7 {[%emt 0:00:11]} 11. Bf4 {[%emt 0:00:29]} Nd5 {[%emt 0:00:07]} 12. Nxd5 {[%emt 0:00:06]} exd5 {[%emt 0:00:02]} 13. Qb5 {[%emt 0:00:11]} Rab8 {[%emt 0:00:18]} 14. Rac1 {[%emt 0:00:02]} a6 {[%emt 0:00:02]} 15. Qb3 {[%emt 0:00:03]} f6 {[%emt 0:00:26]} 16. e4 {[%emt 0:00:14]} Rfd8 {[%emt 0:00:09]} 17. Rfe1 {[%emt 0:00:07]} Kf8 {[%emt 0:00:21]} 18. exd5 {[%emt 0:00:04]} Qxd5 {[%emt 0:00:04]} 19. Qxd5 {[%emt 0:00:04]} Rxd5 {[%emt 0:00:01]} 20. Bxc7 {[%emt 0:00:02]} Rc8 {[%emt 0:00:01]} 21. Bf4 {[%emt 0:00:08]} Rcd8 {[%emt 0:00:10]} 22. Be3 {[%emt 0:00:13]} f5 {[%emt 0:00:43]} 23. h4 {[%emt 0:01:08]} Bf6 {[%emt 0:00:02]} 24. Rc5 {[%emt 0:00:03]} Nxd4 {[%emt 0:01:09]} 25. Nxd4 {[%emt 0:00:02]} Bxd4 {[%emt 0:00:04]} 26. Rxd5 {[%emt 0:00:02]} Rxd5 {[%emt 0:00:01]} 27. Rd1 {[%emt 0:00:02]} f4 {[%emt 0:00:41]} 28. Rxd4 {[%emt 0:00:16]} 1-0